000 00315nam a2200109Ia 4500
008 151001s9999||||xx |||||||||||||| ||und||
100 _aGalsworthy John
245 4 _aThe Silvers spoon
260 _bThe london Book co.
300 _a252
365 _b6
999 _c949979
_d949976